Alternativní a augmentativní komunikace jako prostředek integrace jedinců se zdravotním postížením

Bibliographic Details
Main Author: Bendová, Petra, 1978- (Author)
Format: Article
Language:Czech
ISBN:8080684251
Subjects:

MARC

LEADER 00000nab a2200000 a 4500
001 vtls009461809
003 SK-MaSNL
005 20260305041959.0
008 090116c2005 xo r m 000 00cze
015 |a SNBRA2009/01SVKPO 
038 |a SVKPO 
040 |a SVKPOCL  |c slo  |e AACR2 
041 0 |a cze 
044 |a xo  |c SK 
080 |a 316.344.6-056.26/.3  |2 2001 
080 |a 316.77  |2 2001 
080 |a 316.4.063.3  |2 2001 
100 1 |a Bendová, Petra,  |d 1978-  |4 aut  |9 1623204 
245 1 0 |a Alternativní a augmentativní komunikace jako prostředek integrace jedinců se zdravotním postížením  |c Petra Bendová 
246 3 1 |a Augmentative and Alternative Communication as Means of Integration of Phasically Handicapped Individuals 
504 |a Bibliogr. odkazy 
546 |a Súbežný názov v angličtine 
650 0 7 |a zdravotne postihnuté osoby  |2 svkpocl  |9 1249 
650 0 7 |a alternatívna komunikácia  |2 svkpocl  |9 552401 
650 0 7 |a augmentatívna komunikácia  |2 svkpocl  |9 552400 
650 0 7 |a sociálna inklúzia  |2 svkpocl  |9 4909 
650 0 7 |a integrácia  |2 svkpocl  |9 24105 
773 0 |t Kvalita života a rovnosť príležitostí - z aspektu vzdelávania dospelých a sociálnej práce : zborník príspevkov z vedeckej ... 24. a 25. novembra 2004 v Prešove  |d Prešov : Prešovská univerzita - Filozofická fakulta, 2005  |g S. 413-418  |z 8080684251 
852 |a SVKPO  |b KIS3GCP 
958 |a SK 
958 |a NB 
999 |c 3345749  |d 3347679